MDQL
is popping MORE tags! Check the
thread
!
Quizzes
Events
Quiz Creation
Community
Videos
Private Events
Remove Ads
Sign In
Join for FREE
Feedback
Dark Mode
Quiz Categories
Sports
Geography
Music
Movies
Television
Just For Fun
Miscellaneous
History
Literature
Language
Science
Gaming
Entertainment
Religion
Holiday
For Kids
Quiz Lab
Recent
Popular Today
Quiz Kudos Today
Editor Picks
Curator Picks
Quizzes by...
Day
Popularity
Type
Ratings
Length
Year
Community
Subscriptions
Recent Discussions
Orange Saloon
Badges
Playlists
Quests
Create
Leaderboards
Showdown
Live 5
Trivia Bingo
Activity
Puzzle Library
Sporcle Events
Private Events
Virtual Trivia
Globe League
Become a Host
Pub Owners
SporcleCon
Opinionation
Our Games
Videos
Blog
Mobile Apps
Partnerships
Remove Ads and Go Orange
Feedback
Television
TV Characters
TV Show
Sitcom
Network
Friends
Reality Shows
Cast
South Park
Star Trek
The Simpsons
Doctor Who
Television
TV Characters
TV Show
Sitcom
Network
Friends
Reality Shows
Cast
South Park
Star Trek
The Simpsons
Doctor Who
Random Quiz
Search Sporcle
×
Quiz Lab
Quiz Lab
Television
South Park
Type in answers that appear in a list
Type in answers that appear in a list
Classic
Best Score? Go Orange.
Name the South Park Episodes Part I Stats
Can you name the Name the South Park Episodes Seasons 1-12
By
jondbergman
20m
181 Questions
77 Plays
77 Plays
77 Plays
Comments
Comments
Give Quiz Kudos
Give Quiz Kudos
-
- Ratings
hide this ad
Replay
Link that replays current quiz
Next Quiz
Link to next quiz in quiz playlist
You Got
0%
They Got
Avg Score
55%
Avg Friend Score
Upgrade to see
Score Distribution
Jump to the score distribution portion of the page
Score
0/181
Timer
20:00
0
Plays Today
% Correct
Cartman Gets an Anal Probe
92.2%
Weight Gain 4000
85.7%
Death
84.4%
Pink Eye
84.4%
Damien
84.4%
Volcano
83.1%
Cartman's Mom is a Dirty ****
83.1%
An Elephant Makes Love to a Pig
81.8%
Starvin' Marvin
81.8%
Tom's Rhinoplasty
81.8%
Terrance & Philip in Not Without My Anus
81.8%
Big Gay Al's Big Gay Boat Ride
80.5%
Cartman's Mom is Still a Dirty ****
80.5%
Mr. Hankey, the Christmas Poo
79.2%
Mecha-Streisand
79.2%
Ike's Wee Wee
79.2%
Butters' Very Own Episode
79.2%
Red Sleigh Down
79.2%
Chef Aid
77.9%
Cat Orgy
77.9%
Two Guys Naked in a Hot Tub
77.9%
Timmy 2000
77.9%
Chickenlover
76.6%
City on the Edge of Forever
76.6%
Merry Christmas Charlie Manson
76.6%
Mr. Hankey's Christmas Classics
76.6%
Asspen
76.6%
The Mexican Staring Frog of Southern Sri Lanka
75.3%
Chef's Chocolate Salty Balls
75.3%
Gnomes
75.3%
Rainforest Schmainforest
75.3%
Tweek vs. Craig
75.3%
Starvin' Marvin in Space
75.3%
Cartman's Silly Hate Crime 2000
75.3%
Pip
75.3%
Kenny Dies
75.3%
Jarred Has Aides
75.3%
South Park is Gay!
75.3%
Christian Rock Hard
75.3%
Raisins
75.3%
Chickenpox
74%
The Succubus
74%
Jakovasaurs
74%
Jewbilee
74%
Chinpokomon
74%
Quintuplets 2000
74%
Cartman Joins NAMBLA
74%
Cancelled
74%
It's Christmas in Canada
74%
Woodland Critters Christmas
74%
Roger **** Should Lay Off the Fatty Foods
72.7%
Clubhouses
72.7%
Spontaneous Combustion
72.7%
Something You Can Do With Your Finger
72.7%
Scott Tenorman Must Die
72.7%
Freak Strike
72.7%
The Simpsons Already Did It
72.7%
The Death Camp of Tolerance
72.7%
Grey Dawn
72.7%
Mr. Garrison's Fancy New Vagina
72.7%
Summer Sucks
71.4%
% Correct
Sexual Harassment Panda
71.4%
World Wide Recorder Concert
71.4%
The Tooth Fairy's Tats 2000
71.4%
4th Grade
71.4%
Trapper Keeper
71.4%
A Very Crappy Christmas
71.4%
Professor Chaos
71.4%
Cow Days
70.1%
Prehistoric Ice Man
70.1%
Hooked on Monkey Fonics
70.1%
The Red Badge of Gayness
70.1%
Cherokee Hair Tampons
70.1%
Chef Goes Nanners
70.1%
The Wacky Molestation Adventure
70.1%
The Entity
70.1%
Fun with Veal
70.1%
Fat Butt and Pancake Head
70.1%
Casa Bonita
70.1%
The Jeffersons
70.1%
Free Willzyx
70.1%
Spookyfish
68.8%
Do the Handicapped Go to Hell?
68.8%
Probably
68.8%
It Hits the Fan
68.8%
Cartmanland
68.8%
The New Terrance and Philip Movie Trailer
68.8%
Good Times with Weapons
68.8%
Preschool
68.8%
Quest for Ratings
68.8%
Stupid Spoiled **** Video Playset
68.8%
Die Hippie, Die
68.8%
Wing
68.8%
Bloody Mary
68.8%
Fat Camp
67.5%
Terrance and Philip: Behind the Blow
67.5%
Free Hat
67.5%
Bebe's Boobs Destroy Society
67.5%
The Return of the Fellowship of the Ring to the Two Towers
67.5%
Krazy Kripples
67.5%
Goobacks
67.5%
Douche and Turd
67.5%
The Death of Eric Cartman
67.5%
Trapped in the Closet
67.5%
Conjointed Fetus Lady
66.2%
Korn's Groovy Pirate Ghost Mystery
66.2%
Butt Out
66.2%
Towelie
64.9%
Best Friends Forever
64.9%
Two Days Before the Day After Tomorrow
64.9%
Are You There God? It's Me, Jesus
63.6%
Helen Keller! The Musical
63.6%
Here Comes the Neighborhood
63.6%
Child Abduction is Not Funny
63.6%
My Future Self 'n Me
63.6%
The Return of Chef
62.5%
Smug Alert!
62.5%
Cartoon Wars: Part 1
62.5%
Cartoon Wars: Part 2
62.5%
A Million Little Fibers
62.5%
Tsst
62.5%
Miss Teacher Bangs a Boy
62.5%
% Correct
Hell on Earth 2006
62.5%
Go God Go
62.5%
Go God Go XII
62.5%
Stanley's Cup
62.5%
With Apologies to Jesse Jackson
62.5%
Cartman Sucks
62.5%
The Snuke
62.5%
D-Yikes!
62.5%
Le Petit Tourette
62.5%
More Crap
62.5%
Imaginationland
62.5%
Imaginationland: Part 2
62.5%
Imaginationland: Part 3
62.5%
Guitar Queer-o
62.5%
The List
62.5%
Tonsil Trouble
62.5%
Britney's New Look
62.5%
Major Boobage
62.5%
Canada on Strike
62.5%
Super Fun Time
62.5%
Pandemic
62.5%
Pandemic 2: The Startling
62.5%
About Last Night...
62.5%
Elementary School Musical
62.5%
The Ungroundable
62.5%
Super Best Friends
62.3%
The Biggest Douche in the Universe
62.3%
Up the Down Steroid
62.3%
The Passion of the Jew
62.3%
Something Wal-Mart This Way Comes
62.3%
Cartman's Incredible Gift
62.3%
Marjorine
62.3%
All About the Mormons?
61%
Follow that Egg!
61%
Cripple Fight
59.7%
Proper Condom Use
59.7%
Toilet Paper
59.7%
Red Man's Greed
59.7%
Ginger Kids
59.7%
How to Eat with Your Butt
58.4%
AWESOM-O
58.4%
I'm a Little Bit Country
57.1%
The Losing Edge
57.1%
Osama Bin Laden Has Farty Pants
55.8%
A Ladder to Heaven
55.8%
Lil' Crime Stoppers
55.8%
You Got F'ed in the A
55.8%
Red Hot Catholic Love
50.6%
ManBearPig
50%
Make Love, Not Warcraft
50%
Mystery of the Urinal Deuce
50%
Night of the Living Homeless
50%
Eek, a Penis!
50%
Over Logging
50%
Lice Capades
37.5%
Fantastic Easter Special
37.5%
The China Probrem
37.5%
Breast Cancer Show Ever
37.5%
Erection Day
35.1%
Quiz Playlist
Details
Report
Send in Message
Add To Playlist
Classic:
Type in answers that appear in a list
Last Updated: Jul 14, 2020
Quiz Scoreboard
CHALLENGE
Sign Up to Join the Scoreboard
Show All
Scores
Hide
Comments
May contain spoilers
Recently Published
Two Season TV Shows II
by 123Four
Television
10m
Image Sorting: Flags VI
by Barbecue
Geography
2m
Find the 'City' Movie
by crazypaving
Movies
60s
More to Explore
Quiz From the Vault
Featured Blog Post
14 Easter Pick-up Lines to Find Eggs With
hide this ad
You Might Also Like...
Tags
South Park Quiz
episode
park
season
south
Today's Top Quizzes in Television
Browse Television
hide this ad
Today's Top Quizzes in South Park
Browse South Park
Top Contributed Quizzes in Television
1
Survivor Journey Challenge
2
Brooklyn Nine Nine Logic Puzzle (How-To-Play)
3
Adjectives in 00s TV Shows
4
Total Drama Characters
5
Survivor Logic Puzzle: Heroes vs. Villains
6
Phoebe Buffay Quotes
7
Survivor Heroes vs. Villains Logic Puzzle
8
Survivor Trivia
9
Emmerdale Characters (from August 2012)
10
Adjectives in 10s TV Shows
Explore More
Trending Topics
Disney
Harry Potter
NBA
Anime
Kpop
Crossword
Marvel
Pokémon
NFL
WWE
Country
Puzzle
Soccer
The Office
Song
hide this ad
More By:
jondbergman
Quiz
Plays
Rating
Category
Featured
Created
Name the Simpsons Episodes Part II
296
Television
May 18, 2010
Name the Simpsons Episodes Part III
146
Television
May 21, 2010
Name the South Park Episodes Part II
101
4.00
Television
Dec 12, 2014
Name the South Park Episodes Part I
77
3.00
Television
Dec 11, 2014
Name the Family Guy Episodes Part II
10
Television
Dec 5, 2016
Go to Creator's Profile
Score Distribution
Quiz Creator Spotlight
jondbergman
Follow
Send a Message
Quizzes Created
-
Created Quiz Play Count
-
More By This Creator
Popular Quizzes Today
1
Find the US States - No Outlines Minefield
2
Colored Red Africa Blitz
3
Find the 'City' Movie
4
5x2 Blitz: Bands
5
The Countries of the World
6
Find the Countries of Europe - No Outlines Minefield
7
Find the US States
8
US States
More Television Quizzes
Speed TV: Trios 18
Quiz Lab
Trending Quizzes
Colored Red Europe Blitz I
Colored Red Africa Blitz II
Colored Red Europe Blitz II
Colored Red Africa Blitz III
Colored Red Europe Blitz III
Recently Updated
How Do You Spell That?
pecheneg
Godzilla Movies
pecheneg
Grab Bag: 4-10 Letters
pecheneg
2024 March Madness Bracket
pecheneg
Famous TV Couples
Peacemaker
Champions League XIs: Real Madrid
pecheneg
Largest US Cities 1790-2010
pecheneg
Rides in Walt Disney World
pecheneg
Most Oscar Losses (Acting)
pecheneg
Beyoncé Albums
pecheneg
Trending Topics
Harry Potter
Disney
Marvel
Anime
NBA
Kpop
Crossword
Song
Puzzle
WWE
NFL
Soccer
The Office
Pokémon
Country
Your Account Isn't Verified!
In order to create a playlist on Sporcle, you need to verify the email address you used during registration. Go to your
Sporcle Settings
to finish the process.
Report this User
Report this user for behavior that violates our
Community Guidelines
.
Details:
Send Report
Go to the Sporcle.com Mobile Site →
Comments